000 00806nam a2200205 a 4500
001 000267693
003 AM-YeHGA
005 20250617125427.0
008 031001s1990 ||| r 000 0 rus d
040 _aAM-YeHGA
100 1 _aРябухин, Борис Константинович
245 1 0 _aПерелётные годы :
_bСтихи /
_cБорис Рябухин.
260 _aМосква :
_bРИО ГПНТБ СССР,
_c1990.
300 _a112 с.
_b[1] с. портр.
500 _aИзд. на средства авт.
505 0 _aСтихи; Симбирский острог: Отр. из драм. поэмы "Степан Разин"
600 1 4 _aРазин, Степан Тимофеевич
650 1 4 _aРусская литература
_xПоэзия
090 _c98804
999 _c97498
_d97498